000 01116nam a2200265 a 4500
001 000023852
005 20240529124643.0
008 110114s1976 ag r 000 f spa d
040 _aDO-SdBNP
_bspa
_cBNPHU
041 1 7 _aspa
_hpor
_2Código de idioma MARC
082 _aB869.3
_bC331c
100 1 _aCarvalho, José Cândido de,
_d1914-1989.
_949064
240 1 0 _aO coronel e o lobisomem
_lEspañol.
245 1 0 _aEl coronel y el lobisón :
_bmemorias del oficial superior de la guardia nacional Ponciano de Azeredo Furtado, natural de la Plaza de Campos dos Goitacazes /
_cJosé Cândido de Carvalho ; traducción, prólogo y notas de Haydée M. Jofre Barroso.
260 _aBuenos Aires, (Argentina) :
_bEditorial Sudamericana,
_c[1976].
300 _a386, [1] p. :
_bil. ;
_c18 cm.
490 1 _aHorizonte
534 _aTítulo original en portugués:
_tO coronel e o lobisomem
650 0 _aNovela brasileña
_913650
650 4 _aLiteratura brasileña
_9823
600 1 4 _aAZEREDO FURTADO, PONCIANO DE
_949065
700 1 _aJofré Barroso, Haydée
_etr.
_949066
830 0 _aHorizonte
_911053
049 _aBNGR
999 _c23348
_d23348